[Event "HUN-chT2 Erkel 1819"]
[Site "Hungary"]
[Date "2018.12.02"]
[Round "3.11"]
[White "Bertok, Bela"]
[Black "Mikulas, Robert"]
[Result "1-0"]
[WhiteElo "1905"]
[BlackElo "1638"]
[PlyCount "73"]
[EventDate "2018.10.28"]
[EventType "team-tourn"]
[EventRounds "9"]
[EventCountry "HUN"]
[SourceTitle "EXT 2021"]
[Source "ChessBase"]
[SourceDate "2020.10.23"]
[SourceVersion "1"]
[SourceVersionDate "2020.10.23"]
[SourceQuality "1"]
[WhiteTeam "Pestszentlorinc"]
[BlackTeam "Vac"]
[WhiteTeamCountry "HUN"]
[BlackTeamCountry "HUN"]

1. Nf3 Nf6 2. g3 d5 3. d4 e6 4. Bg2 Be7 5. 0-0 0-0 6. Nbd2 c6 7. c4 Nbd7 8. b3 Re8 9. Bb2 b6 10. Rc1 Bb7 11. e3 Rc8 12. Re1 c5 13. Ne5 Nxe5 14. dxe5 Nd7 15. Nb1 Nf8 16. Nc3 d4 17. Bxb7 dxc3 18. Bxc3 Rc7 19. Bg2 Ng6 20. Qc2 a6 21. Rcd1 Qb8 22. h4 Ra7 23. Qe2 b5 24. h5 Nf8 25. Qc2 b4 26. Ba1 a5 27. Rd2 Rd8 28. Red1 Rxd2 29. Rxd2 Nd7 30. f4 Qc7 31. Bh3 g6 32. hxg6 hxg6 33. Bxe6 fxe6 34. Qxg6+ Kf8 35. Rh2 Bf6 36. exf6 Nxf6 37. Bxf6 1-0

[Event "HUN-chT U18"]
[Site "Miskolc"]
[Date "2011.11.03"]
[Round "3.4"]
[White "Mikulas, Robert"]
[Black "Acs, Kristof"]
[Result "1-0"]
[WhiteElo "1587"]
[BlackElo "1502"]
[PlyCount "61"]
[EventDate "2011.11.02"]
[EventType "team-swiss"]
[EventRounds "8"]
[EventCountry "HUN"]
[SourceTitle "EXT 2012"]
[Source "ChessBase"]
[SourceDate "2011.11.24"]
[SourceVersion "1"]
[SourceVersionDate "2011.11.24"]
[SourceQuality "1"]
[WhiteTeam "Sarkany II"]
[BlackTeam "Miskolc EMSE"]
[WhiteTeamCountry "HUN"]
[BlackTeamCountry "HUN"]

1. d4 d5 2. Nf3 Nf6 3. c4 e6 4. Nc3 c6 5. e3 Be7 6. Be2 0-0 7. 0-0 Nbd7 8. b3 b6 9. Bb2 Bb7 10. Rc1 Rc8 11. Re1 Re8 12. h3 c5 13. cxd5 Nxd5 14. Nxd5 Bxd5 15. Bc4 Bxc4 16. bxc4 cxd4 17. exd4 Bf6 18. Ba1 h6 19. Kh1 Kf8 20. Qa4 Qc7 21. Bc3 Kg8 22. d5 Bxc3 23. Rxc3 exd5 24. Rxe8+ Rxe8 25. Qb4 Re4 26. cxd5 Qf4 27. Qb5 Rb4 28. Qxd7 Rb1+ 29. Ng1 Qxf2 30. Qe8+ Kh7 31. Qe4+ 1-0

[Event "HUN-ch U14"]
[Site "Budapest"]
[Date "2010.07.02"]
[Round "7"]
[White "Mikulas, Robert"]
[Black "Csati, Oliver"]
[Result "0-1"]
[WhiteElo "1622"]
[BlackElo "1620"]
[PlyCount "52"]
[EventDate "2010.06.26"]
[EventType "swiss"]
[EventRounds "9"]
[EventCountry "HUN"]
[SourceTitle "CBM 137 Extra"]
[Source "ChessBase"]
[SourceDate "2010.09.01"]
[SourceVersion "1"]
[SourceVersionDate "2010.09.01"]
[SourceQuality "1"]

1. d4 Nf6 2. c4 d5 3. Nc3 e6 4. Nf3 Nbd7 5. Bf4 a6 6. e3 Be7 7. Rc1 c5 8. dxc5 Nxc5 9. cxd5 Nxd5 10. Nxd5 exd5 11. Be2 Qa5+ 12. Kf1 Qxa2 13. Be5 0-0 14. Rc2 Bf5 15. Rc3 Ne4 16. Rc7 Bb4 17. Bxg7 Rfc8 18. Rxb7 Rc2 19. Rxb4 Rac8 20. Bc3 Nxc3 21. bxc3 R2xc3 22. Ra4 Qb2 23. Ne1 Rc1 24. Qd4 Qb1 25. Qb4 Rxe1+ 26. Qxe1 Rc1 0-1

[Event "HUN-ch U14"]
[Site "Budapest"]
[Date "2010.07.01"]
[Round "6"]
[White "Retkes, Peter"]
[Black "Mikulas, Robert"]
[Result "1-0"]
[WhiteElo "1498"]
[BlackElo "1622"]
[PlyCount "111"]
[EventDate "2010.06.26"]
[EventType "swiss"]
[EventRounds "9"]
[EventCountry "HUN"]
[SourceTitle "CBM 137 Extra"]
[Source "ChessBase"]
[SourceDate "2010.09.01"]
[SourceVersion "1"]
[SourceVersionDate "2010.09.01"]
[SourceQuality "1"]

1. d4 d5 2. c4 c6 3. cxd5 cxd5 4. Nf3 Nf6 5. Nc3 Nc6 6. Bf4 Nh5 7. Bg3 Nxg3 8. hxg3 e6 9. e3 a6 10. a3 Bd7 11. Bd3 h6 12. Qe2 Rc8 13. 0-0 b5 14. Rfc1 Na5 15. Ra2 Be7 16. Nd2 Qb6 17. Qd1 0-0 18. f4 Nc4 19. Kf2 Bf6 20. Nxc4 bxc4 21. Bc2 Be7 22. Qh5 f5 23. Rh1 Be8 24. Qh3 Qc6 25. g4 fxg4 26. Qxg4 e5 27. dxe5 Bd7 28. Qg3 Qe6 29. Raa1 Rb8 30. Rab1 Rb6 31. Rhd1 Qxe5 32. Rxd5 Qc7 33. Rd4 Rd6 34. Nd5 Rxd5 35. Rxd5 Bd6 36. Rxd6 Qxd6 37. Rd1 Qe6 38. Qf3 Bc6 39. Qh3 Qf6 40. Rd2 Rb8 41. Qf5 Qh4+ 42. Kg1 Qe1+ 43. Kh2 Qxd2 44. Qh7+ Kf8 45. Qf5+ Ke7 46. Qe5+ Kf7 47. Qf5+ Ke8 48. Qe5+ Kd8 49. Qxb8+ Kd7 50. Bf5+ Ke7 51. Qc7+ Kf6 52. Qxc6+ Kxf5 53. Qc8+ Kf6 54. Qf8+ Kg6 55. e4 Qf2 56. Qf5# 1-0

[Event "HUN-chT U18"]
[Site "Miskolc"]
[Date "2009.10.29"]
[Round "6.25"]
[White "Mikulas, Robert"]
[Black "Toth, Levente"]
[Result "0-1"]
[WhiteElo "1641"]
[BlackElo "1625"]
[PlyCount "44"]
[EventDate "2009.10.26"]
[EventType "team-swiss"]
[EventRounds "8"]
[EventCountry "HUN"]
[SourceTitle "EXT 2016"]
[Source "ChessBase"]
[SourceDate "2015.10.08"]
[SourceVersion "1"]
[SourceVersionDate "2015.10.08"]
[SourceQuality "1"]

1. d4 d5 2. Nf3 Nf6 3. c4 e6 4. Nc3 Be7 5. Bg5 0-0 6. e3 h6 7. Bh4 Ne4 8. Bxe7 Qxe7 9. Nxe4 dxe4 10. Ne5 Kh7 11. a3 f6 12. Ng4 h5 13. h3 hxg4 14. hxg4+ Kg8 15. g5 fxg5 16. Qh5 Qf6 17. Qh7+ Kf7 18. Qxe4 Ke7 19. f3 Qf5 20. Rh7 Qxe4 21. Rxg7+ Kf6 22. fxe4 Kxg7 0-1

[Event "HUN-ch U14"]
[Site "Balatonlelle"]
[Date "2009.07.04"]
[Round "8"]
[White "Mikulas, Robert"]
[Black "Egresi, Kristof"]
[Result "1/2-1/2"]
[WhiteElo "1491"]
[BlackElo "1700"]
[PlyCount "120"]
[EventDate "2009.06.27"]
[EventType "swiss"]
[EventRounds "9"]
[EventCountry "HUN"]
[SourceTitle "EXT 2011"]
[Source "ChessBase"]
[SourceDate "2010.11.26"]
[SourceVersion "1"]
[SourceVersionDate "2010.11.26"]
[SourceQuality "1"]

1. Nf3 b6 2. g3 Bb7 3. Bg2 c5 4. c4 Nf6 5. Nc3 d5 6. cxd5 Nxd5 7. 0-0 Nxc3 8. dxc3 Qxd1 9. Rxd1 e6 10. Bf4 Be7 11. Bd6 Nd7 12. Rd2 Bxd6 13. Rxd6 Nf6 14. Rad1 Ke7 15. g4 Rhd8 16. Rxd8 Rxd8 17. Rxd8 Kxd8 18. Ne5 Bxg2 19. Kxg2 Ke8 20. f3 Nd7 21. Nc6 a6 22. Kf2 f6 23. b4 e5 24. bxc5 Nxc5 25. Nb4 Kd7 26. Ke3 Kd6 27. c4 a5 28. Nd5 b5 29. Kd2 bxc4 30. Nb6 Kc6 31. Nxc4 Kb5 32. Nd6+ Kb4 33. Kc2 Ka3 34. Kb1 Na4 35. Nc4+ Kb4 36. Nd6 Nc3+ 37. Kb2 Nxe2 38. Ne8 Ng1 39. Nxg7 Nxf3 40. h3 Ng5 41. Ne8 Nxh3 42. Nxf6 Ng5 43. Nd5+ Kc5 44. Ne3 e4 45. Kc3 h6 46. Nf5 Nf7 47. a3 a4 48. Ne3 Ne5 49. Kc2 Kd4 50. Nf5+ Kc4 51. Nxh6 e3 52. g5 Kd5 53. Kd1 Ke4 54. Ke2 Kf4 55. Ng8 Nc4 56. g6 Kg5 57. Ne7 Kf6 58. g7 Kxg7 59. Nd5 Nxa3 60. Nc3 Nb1 1/2-1/2

[Event "Val Thorens op"]
[Site "Val Thorens"]
[Date "2009.??.??"]
[Round "7"]
[White "Mikulas, Robert"]
[Black "Imperor, Lorene"]
[Result "1-0"]
[WhiteElo "1513"]
[BlackElo "1683"]
[PlyCount "73"]
[EventDate "2009.07.18"]
[EventType "swiss"]
[EventRounds "9"]
[EventCountry "FRA"]
[SourceTitle "CBM 131 Extra"]
[Source "ChessBase"]
[SourceDate "2009.09.03"]
[SourceVersion "2"]
[SourceVersionDate "2009.09.16"]
[SourceQuality "1"]

1. d4 d5 2. Nf3 Nf6 3. c4 c6 4. Nc3 e6 5. Bg5 Be7 6. e3 0-0 7. Bd3 Nbd7 8. 0-0 dxc4 9. Bxc4 b5 10. Bd3 a6 11. e4 c5 12. Re1 Bb7 13. e5 Nd5 14. Bxe7 Qxe7 15. Qc2 h6 16. Rac1 Nb4 17. Qe2 Nxd3 18. Qxd3 Rfd8 19. Ne4 cxd4 20. Qxd4 Bxe4 21. Qxe4 Nc5 22. Qb4 Rd5 23. Nd4 Rc8 24. Nb3 Rc7 25. Qa5 Rc6 26. Qa3 Qc7 27. Na5 Rb6 28. b4 Rd3 29. Rxc5 Qd7 30. Qc1 Rd2 31. Qb1 Rb8 32. Rec1 Rd8 33. h3 Qd4 34. Rf1 Rb2 35. Qc1 Rxa2 36. Nc6 Qd2 37. Nxd8 1-0